000 nam a22 7a 4500
999 _c10686
_d10686
008 180220b ||||| |||| 00| 0 eng d
100 _aBharati Bhawan
_95009
245 _aMy World Book-3
260 _aPatna
_bBharati Bhawan
_c2013